000 01178nam a22003011i 4500
005 20201222124847.0
008 201222t2019 xxka|||j ||| 000 1 eng d
020 _a9780241365304
_cRM 28.90
_qpaperback
040 _aPPAK
_beng
_cPPAK
_erda
082 0 4 _223
_a428.6
090 0 0 _a428.6
_bJAN
_dK
100 1 0 _aJansson, Tove
_eauthor.
245 1 0 _aMOOMIN :
_bThe Song of the Sea /
_cBased on the original stories by Tove Jansson ; Series Editor: Sorrel Pitts ; Text adapted by Mary Taylor
264 1 _aLondon :
_bLadybird Books ,
_c2019.
300 _a63 pages :
_billustration (chiefly colour) ;
_c23 cm.
336 _2rdacontent
_atext
_astill image
337 _2rdamedia
_aunmediated
338 _2rdacarrier
_avolume
490 1 _aLadybird Readers ;
_v Level 3
500 _a"Adapted from the story, "Moomin and the ocean's song", first published by Puffin Books, 2016."
500 _aIncludes exercises.
600 0 _aMoomins (Fictitious characters)
_x Pictorial works
_v Juvenile fiction.
650 1 0 _aReaders
_vFiction.
700 1 _aTaylor, Mary,
_eadaptor.
700 1 _aPitts, Sorrel,
_eeditor.
830 0 _aLadybird Readers ;
_v Level 3
942 _2ddc
_cB
999 _c180711
_d180711